000 00285nam a2200121 a 4500
001 4144
005 20140414131900.0
008 090317s19uu xx 00 eng d
050 _aFIC
_bB88 1986
100 _aBunting, Eve, 1928
245 _aSixth - grade sleepover.
999 _c110622
_d110622